Państwa Europy w 40 sekund - Statystyki

Ogólne statystyki
  • Ten quiz został rozwiązany 205 razy
  • Średni wynik to 13 z 45
Statystyki odpowiedzi
Odpowiedź % Poprawnych
Polska
93%
Niemcy
66%
Francja
58%
Rosja
58%
Hiszpania
51%
Litwa
48%
Ukraina
48%
Szwecja
45%
Łotwa
43%
Portugalia
43%
Czechy
39%
Estonia
38%
Włochy
38%
Belgia
37%
Holandia
36%
Białoruś
34%
Norwegia
34%
Dania
33%
Albania
32%
Andora
32%
Słowacja
32%
Finlandia
28%
Wielka Brytania
28%
Bułgaria
25%
Austria
24%
Irlandia
24%
Grecja
23%
Islandia
22%
Szwajcaria
19%
Słowenia
18%
Luksemburg
16%
Macedonia Północna
16%
Bośnia i Hercegowina
15%
San Marino
15%
Watykan
15%
Monako
14%
Serbia
14%
Chorwacja
13%
Czarnogóra
13%
Kosowo
13%
Malta
13%
Wegry
13%
Rumunia
10%
Mołdawia
9%
Liechtenstein
8%
Nie znaleziono quizów pasujących do podanych kryteriów
Rozkład punktacji
Procent ludzi z każdym wynikiem
Percentyl według liczby udzielonych odpowiedzi
Twoja historia wyników
Nie rozwiązałeś tego quizu